Quatre lectures talmudiques / (Record no. 91410)

MARC details
000 -LEADER
campo de control de longitud fija 00419nam a2200157 i 4500
001 - NÚMERO DE CONTROL
campo de control 91410
003 - IDENTIFICADOR DE NÚMERO DE CONTROL
campo de control ES-MaACL
005 - FECHA Y HORA DE LA ÚLTIMA TRANSACCIÓN
campo de control 20230906180720.0
007 - CAMPO FIJO DE DESCRIPCIÓN FÍSICA--INFORMACIÓN GENERAL
campo de control de longitud fija t|
008 - DATOS DE LONGITUD FIJA--INFORMACIÓN GENERAL
campo de control de longitud fija 050131s1982 fr ||||1| fre d
020 ## - NÚMERO INTERNACIONAL ESTÁNDAR DEL LIBRO
Número Internacional Estándar del Libro 2-7073-0133-7
100 1# - ENTRADA PRINCIPAL--NOMBRE DE PERSONA
Nombre de persona Lévinas, Emmanuel.
9 (RLIN) 71972
245 10 - MENCIÓN DEL TÍTULO
Título Quatre lectures talmudiques /
Mención de responsabilidad, etc. Emmanuel Levinas.
260 ## - PUBLICACIÓN, DISTRIBUCIÓN, ETC.
Lugar de publicación, distribución, etc. París :
Nombre del editor, distribuidor, etc. Minuit,
Fecha de publicación, distribución, etc. [1982]
852 ## - LOCALIZACIÓN
Ubicación ES-MaACL
Número de control de estantería L-11506
Sublocalización o colección R.113486
Holdings
Estatus retirado Estado de pérdida Estado de daño No para préstamo Biblioteca de origen Biblioteca actual Ubicación en estantería Fecha de adquisición Fuente de adquisición Total de préstamos Signatura topográfica completa Código de barras Visto por última vez Precio de reemplazo Tipo de ítem Koha
        Biblioteca del Ateneo de Madrid Biblioteca del Ateneo de Madrid Depósito 2 17/01/2008     L-11506 1095434 23/02/2023 23/02/2023 Libro impreso